[Event "Kandidatklassen 2014"]
[Site "Skorping"]
[Date "2014.04.17"]
[Round "3"]
[White "Hansen, Mads"]
[Black "Mikkelsen, Nikolaj"]
[Result "0-1"]
[WhiteElo "2337"]
[BlackElo "2412"]
[PlyCount "84"]
[EventDate "2014.??.??"]

1. c4 e5 2. g3 d6 3. Nc3 f5 4. Bg2 Nf6 5. d3 Be7 6. e4 c6 7. Nge2 O-O 8. O-O
Na6 9. h3 fxe4 10. dxe4 Be6 11. b3 Qd7 12. Kh2 Nc5 13. f4 Bf7 14. Be3 Qc7 15.
Qc2 a6 16. Rad1 b5 17. b4 Ncd7 18. cxb5 cxb5 19. Rc1 Qb7 20. Rfd1 Rac8 21. Qb1
Nb6 22. Bxb6 Qxb6 23. Qd3 Rc4 24. a3 Rfc8 25. Nb1 Rxc1 26. Rxc1 Rxc1 27. Nxc1
exf4 28. gxf4 Qf2 29. Qd2 Qh4 30. Nc3 Bc4 31. e5 dxe5 32. Nd5 Nxd5 33. Bxd5+
Kf8 34. Bxc4 bxc4 35. fxe5 Qe4 36. Ne2 Qxe5+ 37. Kg2 Bg5 38. Qc2 Qd5+ 39. Kh2
Qd3 40. Qxd3 cxd3 41. Nc3 Bc1 42. Kg2 Bb2 0-1

[Event "Kandidatklassen 2014"]
[Site "Skorping"]
[Date "2014.04.17"]
[Round "3"]
[White "Haubro, Martin"]
[Black "Luther, Lasse"]
[Result "1-0"]
[WhiteElo "2159"]
[BlackElo "2021"]
[PlyCount "129"]
[EventDate "2014.??.??"]

1. e4 e5 2. Nf3 Nc6 3. Bc4 Bc5 4. O-O Nf6 5. d3 O-O 6. c3 d6 7. Bb3 Ne7 8. d4
Bb6 9. dxe5 Nxe4 10. Qe2 Nc5 11. exd6 cxd6 12. Bg5 Ne6 13. Re1 Qc7 14. Nbd2 Ng6
15. Ne4 Nef4 16. Qd2 d5 17. Bxd5 Nxd5 18. Qxd5 h6 19. Be3 Be6 20. Qh5 Nf4 21.
Bxf4 Qxf4 22. Nd4 Bc4 23. Qf3 Qxf3 24. Nxf3 Rad8 25. b3 Be6 26. Rad1 a5 27. c4
a4 28. Rd6 Rxd6 29. Nxd6 Rd8 30. Ne4 Bf5 31. Ng3 Bc2 32. b4 Rd1 33. Rxd1 Bxd1
34. Nf5 a3 35. N5d4 Bd8 36. Kf1 Bf6 37. b5 g5 38. Ke1 Bxf3 39. Nxf3 Kf8 40. Kd2
Ke7 41. Kd3 Kd6 42. Nd4 Ke5 43. Nb3 Bd8 44. Nc5 b6 45. Nb3 Be7 46. c5 bxc5 47.
Kc4 Kd6 48. Nxc5 Kc7 49. g4 Kb6 50. Ne4 Bf8 51. h3 Be7 52. Nc3 Bd6 53. Kb3 Ka5
54. Nb1 Kxb5 55. Nxa3+ Ka6 56. Nc4 Bc7 57. Kb4 Bh2 58. f3 Bg3 59. Kc5 Bf4 60.
Nd6 f6 61. Nf5 Ka5 62. Nxh6 Ka4 63. Kd5 Ka3 64. Ke6 Kxa2 65. Kxf6 1-0

[Event "Kandidatklassen 2014"]
[Site "Skorping"]
[Date "2014.04.17"]
[Round "3"]
[White "Kolbak, Jens"]
[Black "Ochsner, Bjorn Moller"]
[Result "1/2-1/2"]
[WhiteElo "2229"]
[BlackElo "2287"]
[PlyCount "106"]
[EventDate "2014.??.??"]

1. e4 c5 2. Nf3 d6 3. Bb5+ Nc6 4. O-O Bd7 5. Re1 Nf6 6. Nc3 e5 7. a4 g6 8. d3
Bg7 9. h3 O-O 10. Bc4 h6 11. Nd5 Kh7 12. c3 Rb8 13. Nxf6+ Qxf6 14. Be3 a6 15.
Qd2 Qe7 16. Nh2 Be6 17. Bd5 Qd7 18. Bxe6 Qxe6 19. f4 f5 20. exf5 Qxf5 21. Rf1
e4 22. dxe4 Qxe4 23. Rae1 Rbd8 24. Qd1 Qc4 25. Nf3 b6 26. Nd2 Qf7 27. Qe2 d5
28. Qxa6 d4 29. cxd4 cxd4 30. Bf2 Qxf4 31. Ne4 d3 32. Bxb6 d2 33. Nxd2 Qxd2 34.
Bxd8 Nxd8 35. Rd1 Qc2 36. Qd6 Nf7 37. Qb4 Qxb2 38. Qxb2 Bxb2 39. a5 Kg7 40. Rd7
Bf6 41. a6 Ra8 42. Rc1 Rxa6 43. Rcc7 Ra1+ 44. Kf2 Bh4+ 45. g3 Bxg3+ 46. Kxg3
Rf1 47. Rd2 Kf6 48. Rf2+ Rxf2 49. Kxf2 Ng5 50. Kg3 Kf5 51. Rc5+ Kf6 52. Ra5 Ne6
53. h4 h5 1/2-1/2

[Event "Kandidatklassen 2014"]
[Site "Skorping"]
[Date "2014.04.17"]
[Round "3"]
[White "Matthiesen, Martin"]
[Black "Strange, Mikkel"]
[Result "0-1"]
[WhiteElo "2300"]
[BlackElo "2355"]
[PlyCount "84"]
[EventDate "2014.??.??"]

1. d4 e6 2. c4 f5 3. Nf3 Nf6 4. Nc3 Bb4 5. Qb3 Qe7 6. a3 Bxc3+ 7. Qxc3 O-O 8.
e3 b6 9. Be2 Bb7 10. O-O d6 11. b3 Nbd7 12. Bb2 Ne4 13. Qc2 Ng5 14. Ne1 f4 15.
f3 fxe3 16. Qd3 e5 17. Qxe3 Rae8 18. d5 Bc8 19. Nd3 Nf7 20. Rae1 Nh6 21. Nb4
Nf5 22. Qf2 Nc5 23. Nc6 Qg5 24. b4 Nb3 25. Nxa7 Ne3 26. Nb5 Nxf1 27. Rxf1 e4
28. f4 e3 29. fxg5 exf2+ 30. Rxf2 Nd2 31. h4 Re4 32. g3 Nxc4 33. Rxf8+ Kxf8 34.
Bd3 Re1+ 35. Kf2 Nxb2 36. Kxe1 Nxd3+ 37. Kd2 Ne5 38. Kc3 Bd7 39. Nxc7 b5 40.
Kd4 Ke7 41. Na8 Kd8 42. Kc3 Be8 0-1

[Event "Kandidatklassen 2014"]
[Site "Skorping"]
[Date "2014.04.17"]
[Round "3"]
[White "Percivaldi, Martin"]
[Black "Jacobsen, Mikkel Manosri"]
[Result "1-0"]
[WhiteElo "2131"]
[BlackElo "2102"]
[PlyCount "81"]
[EventDate "2014.??.??"]

1. d4 d5 2. c4 c6 3. Nf3 Nf6 4. Nc3 Bf5 5. cxd5 cxd5 6. Qb3 Qb6 7. Nxd5 Nxd5 8.
Qxd5 e6 9. Qb3 Qxb3 10. axb3 Nc6 11. e3 Bd6 12. Bd2 O-O 13. Bc4 a6 14. Ke2 Rac8
15. Nh4 Be4 16. f3 Bd5 17. g3 f5 18. Ng2 g5 19. Kd3 Rcd8 20. Bxd5 exd5 21. f4
h6 22. Ne1 Kf7 23. Bc3 Ke6 24. Nf3 Rg8 25. Ne5 Bxe5 26. fxe5 Rdf8 27. Raf1 Rf7
28. Bd2 Rg6 29. Rc1 Kd7 30. Rc5 Ne7 31. Rf1 Rfg7 32. g4 fxg4 33. Rf6 h5 34. Ba5
h4 35. Rc7+ Ke8 36. Rxb7 g3 37. Rb8+ Nc8 38. Rxc8+ Kd7 39. Rc7+ Ke8 40. hxg3
Rxf6 41. exf6 1-0

[Event "Kandidatklassen 2014"]
[Site "Skorping"]
[Date "2014.04.17"]
[Round "3"]
[White "Petersen, Tom Petri"]
[Black "Bjerre, Tavs"]
[Result "1-0"]
[WhiteElo "2282"]
[BlackElo "2053"]
[PlyCount "89"]
[EventDate "2014.??.??"]

1. Nf3 Nf6 2. c4 g6 3. g3 Bg7 4. Bg2 O-O 5. O-O d6 6. Nc3 e5 7. d3 Nc6 8. h3 h6
9. e4 Be6 10. Be3 Nd7 11. Nd5 Nd4 12. Bd2 Nxf3+ 13. Qxf3 f5 14. exf5 Bxf5 15.
g4 Be6 16. Qe4 Nc5 17. Qe2 a5 18. Be3 c6 19. Nc3 Qd7 20. Ne4 Na6 21. Ng3 Kh7
22. Rad1 d5 23. b3 Rf7 24. Rfe1 c5 25. cxd5 Bxd5 26. Be4 b6 27. Kh2 Nc7 28. g5
Bxe4 29. dxe4 Qe7 30. Qg4 Ne6 31. Nf5 gxf5 32. g6+ Kh8 33. exf5 Rf6 34. fxe6
Qxe6 35. Qe4 Raf8 36. Rg1 Rf3 37. Qg4 Qxg4 38. Rxg4 R3f6 39. Rd7 h5 40. Rg5 Rf5
41. Rxf5 Rxf5 42. Rb7 Bf8 43. Rxb6 Kg7 44. Re6 Rf6 45. Bh6+ 1-0

[Event "Kandidatklassen 2014"]
[Site "Skorping"]
[Date "2014.04.17"]
[Round "3"]
[White "Schultz Pedersen, Jesper"]
[Black "Schou Moldt, Thomas"]
[Result "1-0"]
[WhiteElo "2240"]
[BlackElo "2207"]
[PlyCount "81"]
[EventDate "2014.??.??"]

1. e4 g6 2. Nc3 c6 3. Nf3 d6 4. Be2 Bg7 5. O-O e5 6. d4 Qe7 7. dxe5 dxe5 8. a4
Qb4 9. a5 Nd7 10. Nd2 b5 11. axb6 Nxb6 12. Nb3 Be6 13. Be3 Bxb3 14. cxb3 Ne7
15. Na4 Nd7 16. Qc2 O-O 17. Nc5 Nxc5 18. Bxc5 Qb7 19. Rfd1 a5 20. Bg4 Rfd8 21.
Rxd8+ Rxd8 22. Rxa5 Nc8 23. Ra1 Nd6 24. Be2 Bf8 25. Ra7 Qb8 26. Ra6 Qc8 27. Be3
Nb5 28. Rxc6 Qb7 29. Bxb5 Qxb5 30. g3 Ra8 31. Qc4 Qb8 32. Rc7 Qe8 33. b4 Rb8
34. Bc5 Bxc5 35. Rxc5 Qe7 36. Rc8+ Rxc8 37. Qxc8+ Kg7 38. Qc5 Qe6 39. b5 f6 40.
b6 Qb3 41. Qe7+ 1-0

[Event "Kandidatklassen 2014"]
[Site "Skorping"]
[Date "2014.04.17"]
[Round "3"]
[White "Thogersen, Rasmus"]
[Black "Thybo, Jesper Sondergaard"]
[Result "0-1"]
[WhiteElo "2122"]
[BlackElo "2123"]
[PlyCount "66"]
[EventDate "2014.??.??"]

1. e4 c6 2. d4 d5 3. e5 Bf5 4. Nf3 e6 5. Be2 c5 6. Be3 cxd4 7. Nxd4 Ne7 8. Nd2
Nbc6 9. N2f3 Bg4 10. O-O Bxf3 11. Nxf3 Ng6 12. c4 dxc4 13. Bxc4 a6 14. Qe2 Be7
15. Rfd1 Qc7 16. Rac1 O-O 17. Nd4 Rfd8 18. f4 Nxf4 19. Bxf4 Rxd4 20. Rxd4 Bc5
21. Kh1 Bxd4 22. Bd3 Rd8 23. Qe4 g6 24. h4 Bxe5 25. Rxc6 Qxc6 26. Bxe5 Qxe4 27.
Bxe4 Rd1+ 28. Kh2 Re1 29. Bxb7 Rxe5 30. Bxa6 Ra5 31. Bc4 Ra4 32. Bb3 Rxh4+ 33.
Kg3 Rb4 0-1

[Event "Kandidatklassen 2014"]
[Site "Skorping"]
[Date "2014.04.17"]
[Round "3"]
[White "Thuesen, Mogens Henrik"]
[Black "Andersen, Morten"]
[Result "1-0"]
[WhiteElo "2209"]
[BlackElo "2146"]
[PlyCount "61"]
[EventDate "2014.??.??"]

1. d4 Nf6 2. c4 g6 3. Nc3 d5 4. Nf3 Bg7 5. Qa4+ Bd7 6. Qa3 e6 7. Bg5 Bc6 8.
cxd5 exd5 9. Ne5 Qd6 10. Qxd6 cxd6 11. Nxc6 bxc6 12. e3 O-O 13. Be2 Nbd7 14.
Rc1 c5 15. dxc5 dxc5 16. O-O d4 17. Na4 Ne4 18. Bf4 g5 19. Bc7 Rac8 20. Ba5
dxe3 21. fxe3 Ne5 22. b3 g4 23. Ba6 Rce8 24. Nxc5 Nc6 25. Nxe4 Nxa5 26. Nf6+
Bxf6 27. Rxf6 Rb8 28. Rc7 Rb6 29. Rxb6 axb6 30. b4 Ra8 31. Be2 1-0

[Event "Kandidatklassen 2014"]
[Site "Skorping"]
[Date "2014.04.18"]
[Round "4"]
[White "Andersen, Morten"]
[Black "Thogersen, Rasmus"]
[Result "1-0"]
[WhiteElo "2146"]
[BlackElo "2122"]
[PlyCount "99"]
[EventDate "2014.??.??"]

1. c4 g6 2. g3 Bg7 3. Nc3 d6 4. Bg2 Nc6 5. e4 e5 6. Nge2 Nge7 7. d3 O-O 8. O-O
Be6 9. Nd5 f5 10. Be3 Qd7 11. Qd2 Rf7 12. f3 Re8 13. Rac1 Nd4 14. Nxd4 exd4 15.
Bg5 Nc8 16. Nf4 c6 17. Nxe6 Rxe6 18. Bh3 Rf8 19. Rce1 Ree8 20. exf5 gxf5 21.
Bh6 Re5 22. Bxg7 Qxg7 23. Qf4 c5 24. b4 Qe7 25. Kf2 b6 26. bxc5 bxc5 27. Qd2
Qf6 28. f4 Qh6 29. Kg2 Ne7 30. Qb2 Re6 31. Qb7 Re8 32. Kg1 Nc8 33. Qd5 Nb6 34.
Rxe6 Qxe6 35. Qxe6+ Rxe6 36. Bxf5 Re3 37. Kf2 d5 38. cxd5 Nxd5 39. Re1 Rxe1 40.
Kxe1 Kg7 41. Be6 Ne3 42. Ke2 Kf6 43. Bg8 h6 44. h3 Nf5 45. g4 Nd6 46. Kf3 Kg7
47. Bd5 Kf6 48. h4 Kg6 49. f5+ Kf6 50. Kf4 1-0

[Event "Kandidatklassen 2014"]
[Site "Skorping"]
[Date "2014.04.18"]
[Round "4"]
[White "Bjerre, Tavs"]
[Black "Jacobsen, Mikkel Manosri"]
[Result "0-1"]
[WhiteElo "2053"]
[BlackElo "2102"]
[PlyCount "92"]
[EventDate "2014.??.??"]

1. d4 d5 2. c4 c6 3. Nf3 Nf6 4. e3 Bf5 5. Nc3 e6 6. Nh4 Bg4 7. Qb3 Qb6 8. h3
Bh5 9. g4 Bg6 10. Nxg6 hxg6 11. Bg2 Nbd7 12. Bd2 Be7 13. O-O-O Qxb3 14. axb3
Nb6 15. c5 Nbd7 16. b4 a6 17. f4 O-O-O 18. Be1 Ne8 19. Bg3 Bh4 20. Ne2 Nc7 21.
Rdf1 Rde8 22. Bxh4 Rxh4 23. Ng1 f6 24. Kd2 b6 25. Rf2 a5 26. Nf3 Rhh8 27. cxb6
Nxb6 28. bxa5 Nc4+ 29. Kd3 Kd7 30. b3 Nxa5 31. b4 Nc4 32. Nd2 Ra8 33. Rc1 Ra3+
34. Ke2 Rxe3+ 35. Kd1 Rd3 36. Bf1 Rxd4 37. Bxc4 dxc4 38. Rxc4 Rxc4 39. Nxc4 Nd5
40. f5 exf5 41. gxf5 g5 42. Rd2 Kc7 43. Rd3 Nxb4 44. Re3 Nd5 45. Ra3 Rh4 46.
Nd2 Kd6 0-1

[Event "Kandidatklassen 2014"]
[Site "Skorping"]
[Date "2014.04.18"]
[Round "4"]
[White "Jorgensen, Brian Jorgen"]
[Black "Haubro, Martin"]
[Result "1/2-1/2"]
[WhiteElo "2274"]
[BlackElo "2159"]
[PlyCount "81"]
[EventDate "2014.??.??"]

1. d4 Nf6 2. c4 c5 3. d5 e6 4. Nc3 exd5 5. cxd5 d6 6. e4 g6 7. Bd3 Bg7 8. h3
O-O 9. Bg5 Re8 10. Nf3 c4 11. Bc2 b5 12. a3 Nbd7 13. O-O Qb6 14. Re1 Nc5 15.
Nd4 Bd7 16. Be3 a5 17. b4 cxb3 18. Nxb3 b4 19. axb4 axb4 20. Rxa8 Rxa8 21. e5
bxc3 22. exf6 Bxf6 23. Qf3 Bg7 24. Bd4 Bxd4 25. Nxd4 Qd8 26. Qxc3 Qf6 27. Qb4
Kg7 28. Nc6 Ra2 29. Re2 Bf5 30. Qc4 Ra1+ 31. Kh2 Bxc2 32. Qxc2 Qf4+ 33. g3 Qf6
34. Kg2 Ra3 35. Rd2 Rc3 36. Qd1 Ne4 37. Rc2 Ra3 38. Qe2 Nc5 39. Rd2 h5 40. h4
Ra4 41. Qe3 1/2-1/2

[Event "Kandidatklassen 2014"]
[Site "Skorping"]
[Date "2014.04.18"]
[Round "4"]
[White "Kolbak, Jens"]
[Black "Petersen, Tom Petri"]
[Result "0-1"]
[WhiteElo "2229"]
[BlackElo "2282"]
[PlyCount "94"]
[EventDate "2014.??.??"]

1. e4 g6 2. Nf3 Bg7 3. Nc3 d6 4. d4 a6 5. h3 Nd7 6. a4 b6 7. Be2 e6 8. O-O Ne7
9. Re1 h6 10. Bf1 O-O 11. g3 Bb7 12. Bg2 Kh7 13. Rb1 c5 14. Be3 Qc7 15. g4 cxd4
16. Nxd4 Ne5 17. f4 Nc4 18. Bf2 e5 19. fxe5 dxe5 20. Nf3 Rfd8 21. Qe2 Rac8 22.
Red1 Rxd1+ 23. Nxd1 Nd6 24. Ne1 b5 25. axb5 axb5 26. Nc3 Qc6 27. Rd1 Nc4 28.
Nd5 Nxd5 29. Rxd5 Qe8 30. Rd1 Nxb2 31. Rb1 Nc4 32. Rb3 Qc6 33. Nd3 Rd8 34. Qe1
Bf8 35. Nb4 Bxb4 36. Qxb4 Rd1+ 37. Kh2 Rd2 38. Rf3 Qe8 39. Rf6 Kg7 40. Rb6 Rxf2
41. Rxb7 Ne3 42. Kg3 Rxg2+ 43. Kf3 Nxc2 44. Qc3 Rh2 45. Kg3 Re2 46. Qc7 Nd4 47.
Rb8 Qe6 0-1

[Event "Kandidatklassen 2014"]
[Site "Skorping"]
[Date "2014.04.18"]
[Round "4"]
[White "Lauridsen, Jesper Morch"]
[Black "Schultz Pedersen, Jesper"]
[Result "1-0"]
[WhiteElo "2239"]
[BlackElo "2240"]
[PlyCount "61"]
[EventDate "2014.??.??"]

1. e4 Nc6 2. Nf3 e6 3. d4 d5 4. exd5 exd5 5. Bd3 Bd6 6. O-O Bg4 7. c3 Nge7 8.
Re1 Qd7 9. Nbd2 O-O 10. Nf1 Ng6 11. Ne3 Rae8 12. Bd2 h6 13. Nxg4 Qxg4 14. Rxe8
Rxe8 15. Qb3 Nge7 16. Re1 Rb8 17. h3 Qh5 18. c4 dxc4 19. Bxc4 Rf8 20. g4 Qg6
21. Bd3 Qf6 22. g5 hxg5 23. Bxg5 Nxd4 24. Bxf6 Nxf3+ 25. Kh1 Nxe1 26. Bxe7 Bxe7
27. Be2 Re8 28. Bh5 g6 29. Bxg6 Rf8 30. Bh5 Bh4 31. Qe3 1-0

[Event "Kandidatklassen 2014"]
[Site "Skorping"]
[Date "2014.04.18"]
[Round "4"]
[White "Luther, Lasse"]
[Black "Matthiesen, Martin"]
[Result "0-1"]
[WhiteElo "2021"]
[BlackElo "2300"]
[PlyCount "120"]
[EventDate "2014.??.??"]

1. d4 Nf6 2. c4 e6 3. Nc3 Bb4 4. Qc2 c5 5. dxc5 Bxc5 6. Nf3 Qb6 7. e3 Qc7 8. b3
Nc6 9. Bb2 a6 10. a3 b6 11. Bd3 Bb7 12. O-O Be7 13. Ne4 Ng4 14. h3 Nge5 15. Be2
Nxf3+ 16. Bxf3 Ne5 17. Bxe5 Qxe5 18. Qc3 Qxc3 19. Nxc3 Bxf3 20. gxf3 Rc8 21.
Rfc1 Bf6 22. Ne4 Bxa1 23. Nd6+ Ke7 24. Nxc8+ Rxc8 25. Rxa1 d5 26. cxd5 exd5 27.
b4 Rc3 28. Kf1 Kd6 29. Ke1 Rb3 30. Kd1 Rb2 31. Ke1 Rb3 32. Kd1 a5 33. bxa5 bxa5
34. Kc2 a4 35. f4 Kc5 36. h4 Kc4 37. Rd1 Rxa3 38. Rd4+ Kc5 39. Kb2 Rb3+ 40. Ka2
Rb4 41. Rd3 d4 42. Rd1 Kd5 43. Ka3 Rc4 44. h5 Ke4 45. exd4 Rxd4 46. f3+ Ke3 47.
Rg1 g6 48. f5 gxf5 49. Rg7 Rh4 50. Rxh7 Kxf3 51. Rxf7 Rxh5 52. Kxa4 f4 53. Kb3
Rc5 54. Rf6 Ke3 55. Re6+ Kf2 56. Rf6 f3 57. Rf7 Re5 58. Kc2 Ke2 59. Rh7 f2 60.
Rh2 Ke1 0-1

[Event "Kandidatklassen 2014"]
[Site "Skorping"]
[Date "2014.04.18"]
[Round "4"]
[White "Mikkelsen, Nikolaj"]
[Black "Korley, Kassa"]
[Result "1/2-1/2"]
[WhiteElo "2412"]
[BlackElo "2335"]
[PlyCount "49"]
[EventDate "2014.??.??"]

1. e4 e5 2. Nf3 Nc6 3. d4 exd4 4. Nxd4 Bb4+ 5. c3 Bc5 6. Nxc6 bxc6 7. Bd3 Qh4
8. Qf3 Nf6 9. Bf4 d5 10. exd5 Bg4 11. Qg3 Qxg3 12. Bxg3 O-O-O 13. O-O Nxd5 14.
Ba6+ Kb8 15. Na3 Nb6 16. Nc2 Bc8 17. Bxc8 Kxc8 18. b4 Be7 19. Be5 f6 20. Bd4
Na4 21. Rfe1 Rhe8 22. Kf1 c5 23. bxc5 Bxc5 24. Rxe8 Rxe8 25. Re1 1/2-1/2

[Event "Kandidatklassen 2014"]
[Site "Skorping"]
[Date "2014.04.18"]
[Round "4"]
[White "Ochsner, Bjorn Moller"]
[Black "Dreisler, Tobias"]
[Result "1-0"]
[WhiteElo "2287"]
[BlackElo "2093"]
[PlyCount "53"]
[EventDate "2014.??.??"]

1. e4 c5 2. Nf3 d6 3. d4 cxd4 4. Nxd4 Nf6 5. f3 e5 6. Nb3 Be6 7. c4 Nbd7 8. Be3
Rc8 9. Na3 a6 10. Be2 Be7 11. O-O O-O 12. Qd2 Nh5 13. Rfd1 Kh8 14. Kh1 g6 15.
Rac1 f5 16. exf5 gxf5 17. Na5 Rc7 18. b4 Rg8 19. c5 dxc5 20. bxc5 Nxc5 21. Qxd8
Rxd8 22. Rxd8+ Bxd8 23. Bxc5 b6 24. Rd1 Rd7 25. Rxd7 Bxd7 26. Nb7 Bc7 27. Bd6
1-0

[Event "Kandidatklassen 2014"]
[Site "Skorping"]
[Date "2014.04.18"]
[Round "4"]
[White "Schou Moldt, Thomas"]
[Black "Andersen, Soren Mikkel"]
[Result "1-0"]
[WhiteElo "2207"]
[BlackElo "2099"]
[PlyCount "75"]
[EventDate "2014.??.??"]

1. e4 c5 2. Nf3 Nc6 3. Nc3 g6 4. d4 cxd4 5. Nxd4 Bg7 6. Nb3 Nf6 7. Be2 O-O 8.
Bg5 a5 9. a4 d6 10. O-O Be6 11. Kh1 Bxb3 12. cxb3 Nd7 13. Bc4 Nc5 14. Rc1 Rc8
15. f4 Bxc3 16. bxc3 Nxe4 17. Bh6 e6 18. Bxf8 Qxf8 19. Bd3 f5 20. Bxe4 fxe4 21.
g4 Rd8 22. f5 Qf6 23. Qd2 exf5 24. gxf5 gxf5 25. Qd5+ Kh8 26. Qxf5 Qxf5 27.
Rxf5 d5 28. Rd1 d4 29. cxd4 Rxd4 30. Rxd4 Nxd4 31. Rxa5 Nxb3 32. Rb5 Nd4 33.
Rxb7 e3 34. Kg2 Kg8 35. Kf1 Ne6 36. a5 Nc5 37. Rb5 Ne4 38. Rb8+ 1-0

[Event "Kandidatklassen 2014"]
[Site "Skorping"]
[Date "2014.04.18"]
[Round "4"]
[White "Strange, Mikkel"]
[Black "Christensen, Tobias"]
[Result "0-1"]
[WhiteElo "2355"]
[BlackElo "2360"]
[PlyCount "96"]
[EventDate "2014.??.??"]

1. e4 c5 2. c3 d5 3. exd5 Nf6 4. d4 Nxd5 5. Nf3 cxd4 6. Qxd4 e6 7. Nbd2 Nc6 8.
Bb5 Bd7 9. Bxc6 Bxc6 10. Ne5 Qg5 11. Ndf3 Qxg2 12. Rg1 Qh3 13. Rg3 Qf5 14. Bd2
f6 15. Nxc6 bxc6 16. Qa4 Kf7 17. Nd4 Qe4+ 18. Kf1 Qh1+ 19. Rg1 Nb6 20. Qxa7+
Rxa7 21. Rxh1 Nc4 22. Bc1 Ra6 23. b3 Nd6 24. Ke2 Ne4 25. Bd2 Ba3 26. Rhb1 Rd8
27. Be1 Bd6 28. f3 Ng5 29. Bg3 e5 30. Nf5 Ba3 31. b4 e4 32. Nd6+ Rxd6 33. Bxd6
Ke6 34. Bc5 Nxf3 35. Rb3 Ra8 36. h3 Ne5 37. Ke3 f5 38. Bd4 Nc4+ 39. Ke2 Bb2 40.
Rxb2 Nxb2 41. Bxg7 f4 42. Bd4 Kd5 43. a3 f3+ 44. Kf2 Rg8 45. a4 Rg2+ 46. Kf1
Nc4 47. Rd1 Nd2+ 48. Ke1 Re2# 0-1

[Event "Kandidatklassen 2014"]
[Site "Skorping"]
[Date "2014.04.18"]
[Round "4"]
[White "Thuesen, Mogens Henrik"]
[Black "Hansen, Mads"]
[Result "0-1"]
[WhiteElo "2209"]
[BlackElo "2337"]
[PlyCount "100"]
[EventDate "2014.??.??"]

1. d4 Nf6 2. c4 e6 3. Nc3 Bb4 4. e3 b6 5. Nge2 O-O 6. a3 Be7 7. Nf4 d5 8. cxd5
exd5 9. Bd3 Bb7 10. g4 Re8 11. g5 Ne4 12. Nxe4 dxe4 13. Bc4 Bxg5 14. Qh5 Qf6
15. Bxf7+ Qxf7 16. Qxg5 Nd7 17. Bd2 Nf6 18. Rg1 Rad8 19. O-O-O Rd7 20. Kb1 Nd5
21. Nh5 Re6 22. Nf4 Rf6 23. Rc1 Nxf4 24. exf4 c5 25. Qe5 cxd4 26. Qb8+ Qf8 27.
Qe5 Qe7 28. Qb5 h6 29. Ka1 Kh7 30. Qh5 Rd5 31. Qg4 Bc6 32. Qc8 Qd7 33. Qa6 Rc5
34. Qe2 Bd5 35. Bb4 Rxc1+ 36. Rxc1 a5 37. Be1 Qd6 38. Bd2 Rg6 39. Qh5 Bf7 40.
Qe5 Qd5 41. Qxd5 Bxd5 42. b4 Rg2 43. Be1 axb4 44. axb4 Rxh2 45. Rd1 Rh1 46. Kb2
Bf7 47. Kc2 h5 48. f5 h4 49. f3 d3+ 50. Kd2 h3 0-1

[Event "Kandidatklassen 2014"]
[Site "Skorping"]
[Date "2014.04.18"]
[Round "4"]
[White "Thybo, Jesper Sondergaard"]
[Black "Percivaldi, Martin"]
[Result "1/2-1/2"]
[WhiteElo "2123"]
[BlackElo "2131"]
[PlyCount "161"]
[EventDate "2014.??.??"]

1. d4 d5 2. c4 c6 3. Nc3 Nf6 4. cxd5 cxd5 5. Bf4 a6 6. e3 Nc6 7. Bd3 e6 8. Nf3
Be7 9. h3 O-O 10. Rc1 Bd7 11. O-O b5 12. Ne5 Rc8 13. Nxd7 Qxd7 14. Qe2 Nb4 15.
Bb1 h6 16. Be5 Nc6 17. Qd3 g6 18. Bf4 Kg7 19. Qd2 Bd6 20. Ne2 Bxf4 21. Nxf4 Qd6
22. Nd3 Ne4 23. Qe1 Nb8 24. Ne5 Rxc1 25. Qxc1 Nd7 26. Bxe4 dxe4 27. Nxd7 Qxd7
28. Qc5 Rc8 29. Qe5+ Kg8 30. Qxe4 Qd5 31. Qb1 Qc4 32. b3 Qe2 33. a4 Rc2 34.
axb5 axb5 35. Qa1 Rb2 36. Qa8+ Kg7 37. Qe4 Qc2 38. Qe5+ Kg8 39. Qb8+ Kg7 40.
Qe5+ Kg8 41. Qb8+ Kg7 42. Qxb5 Rxb3 43. Qa4 Qc3 44. Qa6 Qc2 45. Qa4 Qc3 46. Qa1
Qxa1 47. Rxa1 h5 48. h4 Rb2 49. Ra5 Kf6 50. g3 Rd2 51. Kg2 Rb2 52. Kf3 Rd2 53.
Ra7 Rb2 54. Rd7 Ra2 55. e4 Ra3+ 56. Kg2 Ra5 57. Kf3 Ra3+ 58. Kf4 Ra2 59. f3 Ra4
60. g4 hxg4 61. fxg4 Ra1 62. g5+ Kg7 63. d5 exd5 64. exd5 Ra4+ 65. Ke5 Rxh4 66.
Kd6 Rg4 67. Kc6 Rxg5 68. d6 Kf6 69. Re7 Rg1 70. Re2 Rc1+ 71. Kb7 Rb1+ 72. Kc7
Rc1+ 73. Kd8 Rd1 74. d7 g5 75. Ke8 g4 76. d8=Q+ Rxd8+ 77. Kxd8 Kf5 78. Ke7 g3
79. Re3 Kf4 80. Rxg3 Kxg3 81. Kxf7 1/2-1/2

[Event "Kandidatklassen 2014"]
[Site "Skorping"]
[Date "2014.04.19"]
[Round "5"]
[White "Andersen, Soren Mikkel"]
[Black "Dreisler, Tobias"]
[Result "1/2-1/2"]
[WhiteElo "2099"]
[BlackElo "2093"]
[PlyCount "145"]
[EventDate "2014.??.??"]

1. d4 Nf6 2. c4 c5 3. d5 b5 4. cxb5 a6 5. f3 e6 6. e4 exd5 7. e5 Qe7 8. Qe2 Ng8
9. Nc3 Bb7 10. Nh3 c4 11. Nf4 Qc5 12. Nfxd5 Bxd5 13. Be3 Qb4 14. a3 Qa5 15. Bd2
Be6 16. Nd5 Qd8 17. Qxc4 Ra7 18. b6 Bxd5 19. bxa7 Bxc4 20. a8=Q Bxf1 21. Kxf1
Ne7 22. Kf2 Qb6+ 23. Ke2 Nec6 24. Bc3 Be7 25. Rhd1 O-O 26. a4 Rc8 27. Rxd7 Rc7
28. Rxc7 Qxc7 29. Kf1 h5 30. Rd1 Bc5 31. Rd5 Ba7 32. a5 Qe7 33. g3 f6 34. Rd6
Qc7 35. Rxc6 Qxc6 36. Qxa7 Qxf3+ 37. Qf2 Qh1+ 38. Ke2 fxe5 39. Bxe5 Nc6 40. Bc3
Qe4+ 41. Qe3 Qg2+ 42. Kd3 Qd5+ 43. Kc2 Nxa5 44. Qd3 Qg2+ 45. Kb1 Nc6 46. Qxa6
Qh1+ 47. Ka2 Qe4 48. Qb5 Kf8 49. Qc5+ Kg8 50. Kb3 Qf3 51. Ka4 Nd8 52. Qc8 Qd1+
53. Kb5 Kh7 54. Qf5+ Kg8 55. Qe5 Qd7+ 56. Kc4 Ne6 57. Qd5 Qa4+ 58. Kd3 Qe8 59.
b4 Qf7 60. Kc4 Qf1+ 61. Kb3 Qf7 62. b5 Nd4+ 63. Kc4 Qxd5+ 64. Kxd5 Nxb5 65. Be5
Kf7 66. Kc5 Na7 67. Kd6 Nc8+ 68. Kd7 Ne7 69. Bxg7 Kxg7 70. Kxe7 h4 71. Ke6 hxg3
72. hxg3 Kg6 73. g4 1/2-1/2

[Event "Kandidatklassen 2014"]
[Site "Skorping"]
[Date "2014.04.19"]
[Round "5"]
[White "Christensen, Tobias"]
[Black "Mikkelsen, Nikolaj"]
[Result "0-1"]
[WhiteElo "2360"]
[BlackElo "2412"]
[PlyCount "162"]
[EventDate "2014.??.??"]

1. d4 Nf6 2. c4 e6 3. Nc3 Bb4 4. e3 O-O 5. Bd3 d5 6. Nge2 c5 7. cxd5 exd5 8.
dxc5 Bxc5 9. O-O Nc6 10. Nf4 Be6 11. b3 Bd6 12. Bb2 Rc8 13. Rc1 Bb8 14. Bb1 d4
15. Ne4 Bxf4 16. exf4 Nxe4 17. Bxe4 Bd5 18. Bf5 Be6 19. Bb1 Qf6 20. Qd2 Bf5 21.
Rc5 Bxb1 22. Rxb1 Rcd8 23. b4 Qd6 24. Rc4 Qd5 25. Rbc1 d3 26. a4 a6 27. Rc5 Qe4
28. R5c4 Qd5 29. Rc5 Qb3 30. b5 Nd4 31. Bxd4 Rxd4 32. bxa6 bxa6 33. a5 Rfd8 34.
g3 h6 35. f5 R4d6 36. h4 Qb7 37. Re1 Qf3 38. Re3 Qg4 39. Kg2 Qa4 40. Rce5 Qc6+
41. Kh2 Rd5 42. Rxd5 Qxd5 43. g4 Kh7 44. h5 Qc4 45. Rg3 f6 46. Rg1 Re8 47. Rg3
Rd8 48. Rg1 Rd5 49. Kg3 Rd4 50. f3 Qc7+ 51. Kh3 Qc6 52. Rf1 Qd5 53. Rf2 Ra4 54.
Qe1 Rf4 55. Kg3 d2 56. Qxd2 Rxf3+ 57. Kh4 Rd3 58. Qe2 Ra3 59. Rh2 Qb3 60. Qe1
Qd3 61. Qf2 Qc3 62. Rh1 Qxa5 63. Rh3 Ra4 64. Rg3 Qd5 65. Qf3 Qe5 66. Kh3 Qe1
67. Rg2 Re4 68. Rg1 Qb4 69. Ra1 Qd4 70. Ra3 a5 71. Rd3 Qe5 72. Qg3 Qa1 73. Qf3
Re1 74. Re3 Rh1+ 75. Kg3 Qg1+ 76. Kf4 Qh2+ 77. Ke4 Rb1 78. Qe2 Rb4+ 79. Kd5 Qc7
80. Re7 Qd8+ 81. Kc5 Qd4+ 0-1

[Event "Kandidatklassen 2014"]
[Site "Skorping"]
[Date "2014.04.19"]
[Round "5"]
[White "Hansen, Mads"]
[Black "Ochsner, Bjorn Moller"]
[Result "1/2-1/2"]
[WhiteElo "2337"]
[BlackElo "2287"]
[PlyCount "118"]
[EventDate "2014.??.??"]

1. e4 c5 2. Nf3 d6 3. d4 cxd4 4. Nxd4 Nf6 5. Nc3 a6 6. Be3 e5 7. Nf3 Be7 8. Bc4
O-O 9. O-O Nbd7 10. a4 b6 11. Re1 Bb7 12. Bg5 Qc7 13. Qe2 Rfc8 14. Bb3 Rab8 15.
Nh4 Nc5 16. Nf5 Ne6 17. Bxf6 Bxf6 18. Qg4 Nd4 19. Bd5 h5 20. Qxh5 Nxc2 21. Bxb7
Rxb7 22. Nd5 Qd8 23. Rac1 Rbb8 24. Red1 g6 25. Qg4 Bg5 26. f4 exf4 27. Nxd6 Ne3
28. Nxe3 Rxc1 29. Rxc1 fxe3 30. e5 Be7 31. Qd4 Bxd6 32. exd6 Rb7 33. Kf1 Rd7
34. Rc6 b5 35. axb5 axb5 36. Ke2 Kh7 37. Qe5 Qh4 38. Qxe3 Qxh2 39. Qh3+ Qxh3
40. gxh3 Kg7 41. Ke3 Kf6 42. Kd4 Ke6 43. Kc5 f5 44. b4 f4 45. Rc8 Rxd6 46. Re8+
Kf7 47. Re1 Rf6 48. Kxb5 g5 49. Rg1 f3 50. Kc5 Rf4 51. b5 Ke6 52. b6 f2 53. Rf1
Kd7 54. Kd5 Kc8 55. Ke5 Kb7 56. h4 Rxh4 57. Rxf2 Rf4 58. Rxf4 gxf4 59. Kxf4
Kxb6 1/2-1/2